000 00240nam a2200097Ia 4500
008 190216s9999||||xx |||||||||||||| ||und||
100 _aPrabakar
245 0 _aHindi- Ajai Ka Katha Sahithya
260 _bNational Publishing House
942 _cBK
999 _c15364
_d15364